Gimme Five: Geography Quiz Stats

 Plays Quiz Updated Mar 13, 2018

Challenge
Share
Tweet
Embed
Score 0/45 Timer 06:00
5 Plays Today
Question Answer % Correct
Gimme the five largest U.S. cities in 1900.New York
96.6%
Gimme the five countries that have earned the most total Nobel Prizes.United States
91.3%
Gimme the five most populous cities in Germany.Berlin
90.9%
Gimme the five countries that border Peru.Brazil
89.3%
Gimme the five countries that border Peru.Chile
86.8%
Gimme the locations (cities) of the first five Disney theme parks around the world.Orlando
86.3%
Gimme the five countries that have earned the most total Nobel Prizes.United Kingdom
85.2%
Gimme the locations (cities) of the first five Disney theme parks around the world.Paris
82%
Gimme the five countries that have earned the most total Nobel Prizes.France
80.5%
Gimme the five countries that have earned the most total Nobel Prizes.Germany
79.7%
Gimme the five countries that border Peru.Colombia
78.9%
Gimme the five countries outside of Europe that begin with the letter L.Laos
77.5%
Gimme the five U.S. states that saw the greatest percentage increase in population between 2000 and 2010.Texas
76.3%
Gimme the five largest U.S. cities in 1900.Boston
75.1%
Gimme the five largest U.S. cities in 1900.Chicago
74.7%
Gimme the five countries that border Peru.Ecuador
72.8%
Gimme the five countries that border Peru.Bolivia
71.7%
Gimme the five European capitals with four letters in their name.Rome
71.3%
Gimme the five most populous cities in Germany.Munich
70.2%
Gimme the five largest U.S. cities in 1900.Philadelphia
68.1%
Gimme the five European capitals with four letters in their name.Oslo
66.9%
Gimme the five major circles of latitude.Tropic of Cancer
64.2%
Gimme the five major circles of latitude.Equator
64%
Question Answer % Correct
Gimme the locations (cities) of the first five Disney theme parks around the world.Tokyo
63.9%
Gimme the five major circles of latitude.Tropic of Capricorn
63.4%
Gimme the five U.S. states that saw the greatest percentage increase in population between 2000 and 2010.Arizona
62.7%
Gimme the five countries outside of Europe that begin with the letter L.Libya
60.2%
Gimme the five countries outside of Europe that begin with the letter L.Liberia
58.8%
Gimme the five European capitals with four letters in their name.Bern
55.8%
Gimme the locations (cities) of the first five Disney theme parks around the world.Anaheim
54.2%
Gimme the five countries that have earned the most total Nobel Prizes.Sweden
53.5%
Gimme the five most populous cities in Germany.Hamburg
52.9%
Gimme the five countries outside of Europe that begin with the letter L.Lesotho
51.8%
Gimme the five U.S. states that saw the greatest percentage increase in population between 2000 and 2010.Nevada
50.8%
Gimme the five most populous cities in Germany.Frankfurt
48.7%
Gimme the five major circles of latitude.Arctic Circle
48.3%
Gimme the five major circles of latitude.Antarctic Circle
45.3%
Gimme the five countries outside of Europe that begin with the letter L.Lebanon
44.8%
Gimme the five U.S. states that saw the greatest percentage increase in population between 2000 and 2010.Utah
42.6%
Gimme the five European capitals with four letters in their name.Riga
40.7%
Gimme the five largest U.S. cities in 1900.St. Louis
39.7%
Gimme the five European capitals with four letters in their name.Kyiv
38.5%
Gimme the five most populous cities in Germany.Cologne
30.5%
Gimme the five U.S. states that saw the greatest percentage increase in population between 2000 and 2010.Idaho
27.1%
Gimme the locations (cities) of the first five Disney theme parks around the world.Hong Kong
21.5%

You're not logged in!

Compare scores with friends on all Sporcle quizzes.
Join for Free
OR
Log In

You Might Also Like...

Show Comments

Extras

Top Quizzes Today


Score Distribution

Your Account Isn't Verified!

In order to create a playlist on Sporcle, you need to verify the email address you used during registration. Go to your Sporcle Settings to finish the process.

Report this User

Report this user for behavior that violates our Community Guidelines.

Details: